Beat stress with meditation

Guardat en:
Dades bibliogràfiques
Autor principal: Ozaniec,Naomi
Format: Llibre
Publicat: Teach Yourself
Etiquetes: Afegir etiqueta
Sense etiquetes, Sigues el primer a etiquetar aquest registre!
LEADER 00757cam a22001937a 4500
001 (Sirsi) i9781444101089
005 20190330165257.0
008 190219n xx ||||||||||||||||| |d
020 |a 9781444101089 
040 |a SMLIBRARY  |b eng  |c SMLIBRARY  |e AACR2 
100 |a Ozaniec,Naomi 
245 1 |a Beat stress with meditation 
260 |b Teach Yourself 
901 |a 158.12 OZA  |i TEMP001005  |m SMLIBRARY  |l ADULT  |t BOOK  |p 63.69  |x ADULT  |z ANFIC  |u 22/11/2013 
903 |a  SMLNEWITEM, SMLPOPULAR 
904 |a 1 
942 |2 ddc  |c BOOK 
952 |0 0  |1 0  |2 ddc  |4 0  |6 158_120000000000000_OZA  |7 0  |8 ADULT | ANFIC  |9 40567  |a SMLIBRARY  |b SMLIBRARY  |c ADULT  |d 2013-11-22  |g 63.69  |l 2  |o 158.12 OZA  |p BK10023303A  |r 2019-11-21 00:00:00  |s 2019-11-01  |t 1  |v 63.69  |w 2019-06-25  |y ADULTBOOK 
999 |c 34685  |d 34685